| 000 | 00841nam a22002657a 4500 | ||
|---|---|---|---|
| 003 | OSt | ||
| 005 | 20220114042829.0 | ||
| 008 | 160628b xxu||||| |||| 00| 0 eng d | ||
| 020 |
_a0133293343 : _c$35.94 |
||
| 040 |
_aMMU _cMMU _dMMU _beng. |
||
| 050 | 0 | 0 |
_aQA913 _b.S35 1984 |
| 082 | 0 | 0 |
_a532/.05 _219 |
| 100 | 1 | _aSchetz, Joseph A. | |
| 245 | 1 | 0 |
_aFoundations of boundary layer theory for momentum, heat, and mass transfer / _cJoseph A. Schetz. |
| 260 |
_aEnglewood Cliffs, N.J. : _bPrentice-Hall, _cc1984. |
||
| 300 |
_axxi, 309 p. : _bill. ; _c24 cm. |
||
| 500 | _aIncludes index. | ||
| 504 | _aBibliography: p. 292-302. | ||
| 650 | 0 | _aBoundary layer. | |
| 650 | 0 | _aMomentum transfer. | |
| 650 | 0 |
_aHeat _xTransmission. |
|
| 650 | 0 | _aMass transfer. | |
| 906 |
_a7 _bcbc _corignew _d1 _eocip _f19 _gy-gencatlg |
||
| 942 |
_2lcc _cLOAN LOAN |
||
| 999 |
_c17753 _d17753 |
||